International institutions of the Middle East : (Record no. 27726)

MARC details
000 -LEADER
fixed length control field 02328cam a22003495i 4500
001 - CONTROL NUMBER
control field 19568362
003 - CONTROL NUMBER IDENTIFIER
control field EG-ScBUE
005 - DATE AND TIME OF LATEST TRANSACTION
control field 20191103135251.0
008 - FIXED-LENGTH DATA ELEMENTS--GENERAL INFORMATION
fixed length control field 170323s2017 enkb f b 001 0 eng d
020 ## - INTERNATIONAL STANDARD BOOK NUMBER
International Standard Book Number 9780415814270 (pbk.)
040 ## - CATALOGING SOURCE
Original cataloging agency DLC
Language of cataloging eng
Description conventions rda
Transcribing agency DLC
Modifying agency DLC
-- EG-ScBUE
043 ## - GEOGRAPHIC AREA CODE
Geographic area code aw-----
082 04 - DEWEY DECIMAL CLASSIFICATION NUMBER
Classification number 341.2477
Item number WOR
Edition number 22
100 1# - MAIN ENTRY--PERSONAL NAME
Personal name Worrall, James,
Relator term author.
245 10 - TITLE STATEMENT
Title International institutions of the Middle East :
Remainder of title the GCC, Arab League, and Arab Maghreb Union /
Statement of responsibility, etc James Worrall.
264 #1 - PUBLICATION, DISTRIBUTION, ETC. (IMPRINT)
Place of publication, distribution, etc London ;
-- New York :
Name of publisher, distributor, etc Routledge / Taylor & Francis Group,
Date of publication, distribution, etc 2017.
300 ## - PHYSICAL DESCRIPTION
Extent xiii, 191 pages ;
Dimensions 23 cm.
336 ## - CONTENT TYPE
Content type term text
Content type code txt
Source rdacontent
337 ## - MEDIA TYPE
Media type term unmediated
Media type code n
Source rdamedia
338 ## - CARRIER TYPE
Carrier type term volume
Carrier type code nc
Source rdacarrier
490 0# - SERIES STATEMENT
Series statement Global institutions series
504 ## - BIBLIOGRAPHY, ETC. NOTE
Bibliography, etc Includes bibliographical references and index.
520 ## - SUMMARY, ETC.
Summary, etc "This volume...[provides an overview of] the major regional international organizations of the Middle East. Analysing the Arab League, the Gulf Cooperation Council, and the Arab-Maghreb Union..., it explores their successes and failures across their full range of activities (economic, social, and political), while contextualising the reasons why many consider that these organizations have stalled. The book: assesses the reasons why IOs in the Middle East are under-developed relative to neighbouring regional organizations; explores their history, evolution, and structure, while considering the successes and failures of each IO; analyses the reasons for the specific difficulties faced by each organization through the context of intra-regional relations; develops a new framework for analysing the forces that have shaped these bodies and challenges the existing narrative that largely ignores the achievements and prospects of the organizations; and considers the likely impact of the Arab Spring upon the future development of these frequently overlooked regional international organizations."
610 27 - SUBJECT ADDED ENTRY--CORPORATE NAME
Corporate name or jurisdiction name as entry element League of Arab States.
Source of heading or term BUEsh
610 27 - SUBJECT ADDED ENTRY--CORPORATE NAME
Corporate name or jurisdiction name as entry element Gulf Cooperation Council.
Source of heading or term BUEsh
9 (RLIN) 34759
610 27 - SUBJECT ADDED ENTRY--CORPORATE NAME
Corporate name or jurisdiction name as entry element Arab Maghreb Union.
Source of heading or term BUEsh
650 #7 - SUBJECT ADDED ENTRY--TOPICAL TERM
Topical term or geographic name as entry element International agencies
Geographic subdivision Middle East.
Source of heading or term BUEsh
651 #7 - SUBJECT ADDED ENTRY--GEOGRAPHIC NAME
Geographic name Middle East
General subdivision Politics and government
Chronological subdivision 21st century.
Source of heading or term BUEsh
653 ## - INDEX TERM--UNCONTROLLED
Resource For college BAEPS, Political Science
Arrived date list November2019
655 ## - INDEX TERM--GENRE/FORM
Form subdivision Reading book
942 ## - ADDED ENTRY ELEMENTS (KOHA)
Source of classification or shelving scheme Dewey Decimal Classification
Koha item type Book - Borrowing
Holdings
Withdrawn status Lost status Source of classification or shelving scheme Damaged status Not for loan Collection code Home library Current library Shelving location Date acquired Source of acquisition Cost, normal purchase price Total Checkouts Total Renewals Full call number Barcode Date last seen Date checked out Cost, replacement price Price effective from Koha item type Checked out
    Dewey Decimal Classification     Baccah Central Library Central Library First floor 03/11/2019 Purchase 550.00 2 19 341.2477 WOR 000048187 15/07/2025 23/09/2024 687.50 03/11/2019 Book - Borrowing  
    Dewey Decimal Classification     Baccah Central Library Central Library First floor 03/11/2019 Purchase 550.00 1 5 341.2477 WOR 000048188 09/02/2022 09/02/2022 687.50 03/11/2019 Book - Borrowing 22/10/2024
    Dewey Decimal Classification     Baccah Central Library Central Library First floor 03/11/2019 Purchase 550.00     341.2477 WOR 000048189 15/07/2025   687.50 03/11/2019 NB - Book (Non borrowing)